Responses for Show #9149 - Thursday, July 18, 2024

Contestants

[<< previous game]

Meredith Miller, a labor economist from Arlington, Virginia

Micah Rahn-Tiemeyer, a mental health crisis therapist from Grand Rapids, Michigan

Jay Fisher, a government relations manager from Lisle, Illinois (whose 2-day cash winnings total $16,199)

[next game >>]

Jeopardy! Round responses

AMERICA ON STAMPS
THAT'S "AA"WESOME
GEOLOGY
AN ASIAN CAPITAL IDEA
THEY MAKE THAT
THE OSCAR & RAZZIE WINNER
    $200 14
a geyser

Jay
    $200 27
Aaron

Meredith
    $200 30
the ocean

Micah
    $200 11
Hanoi

Jay
    $200 26
Duracell

Micah
    $200 17
Brando

Meredith
    $400 13
San Francisco

Meredith
    $400 22
an aardvark

Micah
    $400 4
coal

Triple Stumper
    $400 10
Vientiane

Micah
    $400 15
(Meredith: What is Turkey Hill?)

Baskin-Robbins

JayMeredith
    $400 18
DiCaprio

Jay
    $600 12
the St. Louis Arch (the Gateway Arch)

Jay
    $600 21
Afrikaans

Micah
    $600 3
(Jay: What is Jurassic?)

Triassic

JayMicah
    $600 8
Damascus

Jay
    $600 16
Swiffer

Meredith
    $600 20
(Micah: THAT'S "AA"WESOME $600)
[Laughter as Micah said the category as "A-A WE SOME"]

Minnelli

Micah
    $800 1
(Grant) Wood

Jay
    $800 23
(Meredith: What is AAA?)

AAMCO

JayMeredith
    $1,600 5
(Micah: What's a... stalagmite?)
(Ken: No, I'm sorry, the Sword of Damocles hangs from above, it's [*].)

a stalactite

Micah
    $800 7
(Meredith: What is Uzbekistan?)
(Micah: What is Asmara?)
...
(Ken: ...capital of Kazakhstan.)

Astana

MicahMeredith
Triple Stumper
    $800 19
Ore-Ida

Meredith
    $800 28
Kidman

Micah
    $1000 2
Oklahoma

Micah
    $1000 24
(Jay: What is Baal?)

Canaan

Jay
Triple Stumper
    $1000 6
wind

Micah
    $1000 9
Beirut

Jay
    $1000 25
KitchenAid

Meredith
    $1000 29
(Micah: Who is McQueen?)

Brad Pitt

Micah
Triple Stumper

Scores at the first commercial break (after clue 15):

Jay Micah Meredith
$3,200 $600 -$800

Scores at the end of the Jeopardy! Round:

Jay Micah Meredith
$3,400 $2,400 $1,200

Double Jeopardy! Round responses

SOME HATS, SOME CATTLE
POP CULTURE GRAB BAG
HISTORY
WORLD HERITAGE SITES
IN THE BOOKSTORE
NUDE, TO THE OED
    $400 29
a beret

Micah
    $400 1
Angry Birds

Micah
    $400 8
the League of Nations

Jay
    $400 30
coffee

Jay
    $400 23
Call me Ishmael

Micah
    $400 24
centrefold (centerfold)

Triple Stumper
    $800 10
(Micah: What's resin?)

pith

MicahMeredith
    $800 11
Moonlighting

Jay
    $1,000 2
the Boer War

Micah
    $800 9
a monastery

Jay
    $800 22
The Stand

Triple Stumper
    $800 18
birthday suit

Micah
    $1200 12
(Micah: What's cabana?)

a lifeguard hat

Micah
Triple Stumper
    $1200 25
Animal Crossing

Micah
    $1200 3
Pakistan & India

Micah
    $1200 26
(Micah: What is the...)

the Casbah

Micah
Triple Stumper
    $1200 17
Martin

Micah
    $1200 19
a body double

Jay
    $1600 13
(Meredith: What is wagu?)
...
(Ken: So close, Meredith, you didn't have a Y--[*].)

wagyu

Meredith
Triple Stumper
    $1600 27
Mr. Robot

Triple Stumper
    $1600 4
Holy Roman Emperor

Micah
    $3,400 7
(Micah: What is Verdun?)

Vichy

Micah
    $1600 15
Jane Eyre

Meredith
    $1600 20
stark

Jay
    $2000 14
(Jay: What is Guernsey?)

Hereford

JayMicah
    $2000 28
(Micah: What's The... Bleeding Edge?)

The Cutting Edge

Micah
Triple Stumper
    $2000 5
de Soto

Micah
    $2000 6
dugong

Micah
    $2000 16
(Octavia) Butler

Meredith
    $2000 21
"The Emperor's New Clothes"

Meredith

Scores at the end of the Double Jeopardy! Round:

Jay Micah Meredith
$6,600 $8,000 $6,000

[wagering suggestions for these scores]

Final Jeopardy! Round responses

SHOW BIZ MARRIAGES
(Ken: [To Jay] Tina Weymouth and Chris Frantz from [*], referencing their record Remain in Light.)
...
(Micah: Fun.)
MeredithWho is Fleetwood Mac?
$4,500
JayWho are Talking Heads?
$5,401
MicahWho I had f
$5,201
Talking Heads

Final scores:

Jay Micah Meredith
$12,001 $2,799 $1,500
3-day champion: $28,200 2nd place: $3,000 3rd place: $2,000

Game dynamics:

Coryat scores:

Jay Micah Meredith
$6,600 $12,800 $6,000
15 R,
3 W
22 R
(including 1 DD),
8 W
(including 2 DDs)
10 R,
4 W

Combined Coryat: $25,400

[game clues] [game scores] [suggest correction]

Game tape date: 2024-05-23
The J! Archive is created by fans, for fans. Scraping, republication, monetization, and malicious use prohibited; this site may use cookies and collect identifying information. See terms. The Jeopardy! game show and all elements thereof, including but not limited to copyright and trademark thereto, are the property of Jeopardy Productions, Inc. and are protected under law. This website is not affiliated with, sponsored by, or operated by Jeopardy Productions, Inc. Join the discussion at JBoard.tv.